Central Library OPAC University of Rajshahi

Pocket encyclopedia of atomic energy / (Record no. 9906)

MARC details
000 -LEADER
fixed length control field 00663cam a22002291 4500
001 - CONTROL NUMBER
control field 9906
003 - CONTROL NUMBER IDENTIFIER
rucl marc code BD-RjUL
005 - DATE AND TIME OF LATEST TRANSACTION
control field 20211208234848.0
008 - FIXED-LENGTH DATA ELEMENTS--GENERAL INFORMATION
fixed length control field 140122t1950 nyua d 000 0 eng
035 ## - SYSTEM CONTROL NUMBER
System control number (BD-RjUL)9951
040 ## - CATALOGING SOURCE
Original cataloging agency DLC/ICU
Transcribing agency ICU
Modifying agency DLC
-- BD-RjUL
Language of cataloging eng
041 ## - LANGUAGE CODE
Language code of text/sound track or separate title eng
082 00 - DEWEY DECIMAL CLASSIFICATION NUMBER
Classification number 541.2
Edition number 16
Author mark and year POC 1950
100 1# - MAIN ENTRY--PERSONAL NAME
Personal name Gaynor, Frank,
Dates associated with a name 1911-
9 (RLIN) 30598
245 10 - TITLE STATEMENT
Title Pocket encyclopedia of atomic energy /
Statement of responsibility, etc. edited by Frank Gaynor.
260 ## - PUBLICATION, DISTRIBUTION, ETC. (IMPRINT)
Place of publication, distribution, etc. New York :
Name of publisher, distributor, etc. Philosophical Library,
Date of publication, distribution, etc. 1950
300 ## - PHYSICAL DESCRIPTION
Pagination 204 p. :
Illustrations diagrs. ;
Size 23 cm.
650 #0 - SUBJECT ADDED ENTRY--TOPICAL TERM
Topical term or geographic name as entry element Nuclear energy
General subdivision Dictionaries.
9 (RLIN) 29249
942 ## - ADDED ENTRY ELEMENTS (KOHA)
Source of classification or shelving scheme Dewey Decimal Classification
Koha item type Books
Holdings
Lost status Source of classification or shelving scheme Damaged status Not for loan Permanent Location Current Location Date acquired Total Checkouts Full call number Date last seen Copy number Koha item type
  Dewey Decimal Classification     Central Library, University of Rajshahi Central Library, University of Rajshahi 22/01/2014   541.2 POC 1950 22/01/2014 C-1 Books